000 00520cam a2200205ua 4500
001 12
008 190725n ii |||gr||||Z||||||eng
020 _a81-7575-305-9
040 _cMAIN
041 _aeng
082 _a381.142
100 _aJaiswal, S.,
245 _aE-commerce :
_belectronic communication for bussiness /
_cBy S. Jaiswal
250 _a2nd.
260 _aNew Delhi:
_bGalgotia publications,
_c2009.
300 _axxvi, 564 p.:
_bill;
_c20 cm.
653 _aCommerce
653 _aE commerce
942 _cBK
999 _c9
_d9